000
00328pab a2200133 454500
008
180718b1986 xxu||||| |||| 00| 0 eng d
100
_a
Poddar, M.P.
245
_a
Jute
_b
Only technology can save the industry now
260
_c
1986
300
_a
81-2
650
_a
Jute Industry and Trade
773
_a
Capital
909
_a
11599
999
_c
11599
_d
11599